Movies Quiz

Random Movies Quiz

Spielberg: Close-up Quiz Stats

 Plays Quiz Updated Apr 10, 2014

Also try: Spielberg Casts
Challenge
Share
Tweet
Score 0/20 Timer 04:00
3 Plays Today
# Movie % Correct
11E.T.: The Extra-Terrestrial
94.1%
20Jaws
89.7%
5Jurassic Park
89.6%
7Hook
83.7%
2Saving Private Ryan
76.7%
12Schindler's List
62.3%
3Catch Me If You Can
61.3%
1Raiders of the Lost Ark
61.1%
13The Lost World: Jurassic Park
60.5%
18Close Encounters of the Third Kind
53.4%
# Movie % Correct
6The Terminal
51.7%
19Indiana Jones and the Last Crusade
49.2%
14War of the Worlds
47.6%
9Indiana Jones and the Temple of Doom
46.4%
15Amistad
25.1%
8A.I. Artificial Intelligence
22.9%
10The Color Purple
22.8%
16Indiana Jones and the Kingdom of the Crystal Skull
17.5%
17Duel
11%
4Sugarland Express
4.7%

You're not logged in!

Compare scores with friends on all Sporcle quizzes.
Join for Free
OR
Log In

You Might Also Like...

Show Comments

Extras

Top Quizzes Today


Score Distribution

Your Account Isn't Verified!

In order to create a playlist on Sporcle, you need to verify the email address you used during registration. Go to your Sporcle Settings to finish the process.

Report this User

Report this user for behavior that violates our Community Guidelines.

Details: